000 00522nam a2200205Ia 4500
005 20250326144434.0
008 250326s9999 xx 000 0 und d
020 _a978-0-87584-882-2
037 _aTextbook
040 _aFMSL
_beng
_cFMSL
041 _aeng
_2eng
084 _aX:8 N8
_qFMSL
245 0 _aHBR on measuring corporate performance
260 _aBoston
_bBoston, HBR
_c1998
300 _av,229
365 _b595
650 _aManagement
942 _cTB
_hX:8 N8
999 _c1303695
_d1303695